Famous Chris - Statistics

General Stats
  • This quiz has been taken 26 times
  • The average score is 4 of 8
Answer Stats
Hint Answer % Correct
Discovered America Christopher Colombus
92%
Thor’s Actor Chris Hemsworth
80%
Captain America’s Actor Chris Evans
64%
Winnie the Pooh character Christopher Robin
64%
Star Lord’s Actor Chris Pratt
60%
Comedian Chris Rock
44%
Peter’s eldest son Chris Griffin
4%
Kid in Sonic X Chris Thorndyke
0%
No matching quizzes found
Score Distribution
Percent of People with Each Score
Percentile by Number Answered
Your Score History
You have not taken this quiz